[Event "Gausdal Classic"]
[Site "Gausdal"]
[Date "2004.09.29"]
[Round "7"]
[White "Gronn, Atle"]
[Black "Carlsen, Magnus"]
[Result "0-1"]
[WhiteElo "2409"]
[BlackElo "2567"]
[Annotator "Ribli,Z"]
[PlyCount "44"]
[EventDate "2004.09.23"]
[EventType "tourn"]
[EventRounds "9"]
[EventCountry "NOR"]
[EventCategory "10"]
[SourceTitle "CBM 104"]
[Source "ChessBase"]
[SourceDate "2005.01.27"]
[SourceVersion "1"]
[SourceVersionDate "2005.01.27"]
[SourceQuality "1"]

1. Nf3 Nf6 2. c4 e6 3. g3 d5 4. Bg2 d4 {Das ist eine agressive Fortsetzung,
die ruhigen (und gewöhnlichen) Alternativen sind 4...dxc4 und 4...Be7. Es ist
wahr, dass wir nach der Partiefortsetzung eine assymetrische Stellung mit
beiderseitigen Chancen bekommen, aber die weißen Aussichten scheinen etwas
besser zu sein.} 5. O-O (5. b4 a5 (5... c5 $5) 6. Bb2 $5 c5 7. bxc5 Bxc5 8. e3
Nc6 9. O-O O-O 10. Na3 e5 11. Nb5 {1-0 Ehlvest,J-Pomes Marcet,J/Terrassa 1991/
CBM 24 (51)}) 5... Nc6 (5... c5 6. e3 Nc6 7. exd4 cxd4 8. d3 Bd6 9. Re1 O-O (
9... h6 $5) 10. a3 a5 11. Bg5 $5 {Ftacnik: 'The world junior champion U20
Aronian rarely combines strategic talent with an excellent tactical abilities,
we shall hear much more about him in the future. '} h6 12. Bxf6 Qxf6 13. Nbd2 {
[%cal Gd2e4,Ge4d6,Ge4f6]} Qd8 (13... Qe7 {Ftacnik} 14. Nb3) 14. Rc1 {[%cal
Gc4c5] 1-0 Aronian,L-Filippov,V/Istanbul 2003/CBM 96/[Ribli] (46) Weiß
bereitet den Plan 15.c5, 16.Nc4 vor und Schwarz hat keine gute Abwehr.}) 6. d3
Be7 7. e3 (7. Na3 O-O 8. Nc2 a5 9. b3 e5 10. Bb2 Re8 11. Qd2 Bc5 12. a3 Qe7 13.
Rfb1 Bg4 14. h3 Bh5 15. Ng5 h6 16. Ne4 Nxe4 17. Bxe4 Qe6 18. Bg2 Qd6 {1/2-1/2
Wegerle,J-Volke,K/Germany 2000/CBM 82 ext (29)}) 7... e5 8. exd4 exd4 9. Re1 {
Wir haben eine Stellung, die typisch in der Benoni Verteidigung ist, jedoch
mit vertauschten Farben.} O-O 10. Bf4 Bf5 11. Ne5 {Das ist ein bekanntes Motiv
in solchen Stellungen, aber - meiner Meinung nach - wäre es besser zuerst den
b1-Springer zu entwickeln.} (11. Nbd2 $5 Bd6 (11... Bxd3 $6 12. Qb3 {[%cal
Rb3b7,Rb3d3]} Nb4 $2 13. Rxe7 $1 Qxe7 14. Re1 Qc5 (14... Be2 15. Nxd4 $18) 15.
a3 Nc2 16. Re5 $18) (11... Re8 12. Ne5 Nxe5 13. Rxe5 $14) 12. Bg5 h6 13. Bxf6
Qxf6 14. Ne4 Bxe4 15. Rxe4 Rae8 16. Nd2 $14 {[%cal Gg2b7,Gd2e4]}) (11. Na3 $14
{[%cal Ga3b5,Ga3c2]}) (11. a3 {[%cal Gb2b4]} a5 12. Ne5 $14) 11... Nxe5 12.
Rxe5 Qd7 $1 {Schwarz opfert einen Bauern. Diese Fortsetzung ist klar besser
als der passive Läuferzug 12...Bc8?} 13. Bxb7 Rab8 $44 {Schwarz hat einen
Entwicklungsvorteil und eine gute Figurenkoordination, die ausreichend
Kompensation für den Bauern geben.} 14. Qf3 $2 (14. Rb5 Bd6 (14... Bg4 15. Qb3
Rbe8 $44) 15. Bxd6 Qxd6 16. Rxf5 Rxb7 17. b3 Re8 18. Nd2 c5 $44 {[%cal Gb7e7,
Ge8e1]}) 14... Bg4 $36 {[%mdl 2048] Schwarz hat ein ausgezeichnetes
Figurenspiel.} 15. Qc6 (15. Qg2 Bd6 16. Bc6 Qd8 17. Rb5 Bxf4 18. gxf4 Qd6 $36 {
[%cal Rd6f4]}) 15... Bd6 {[%csl Re5][%cal Rd6f4] Der e5R steht unglücklich.}
16. Na3 (16. Rb5 Qxc6 17. Bxc6 Bxf4 18. gxf4 Be2 $17 {[%csl Rd3,Ge2] Schwarz
gewinnt - mit besserer Stellung - den Bauern zurück.}) 16... Bxe5 $17 17. Bxe5
Qf5 18. Bf4 g5 $2 (18... Qxd3 19. Bxc7 Rbe8 20. Bd6 Ne4 21. Bxf8 Qf3 22. Rf1 (
22. Qxe4 Rxe4 $19) 22... Bh3 $19) 19. f3 $2 {[%mdl 8192] Weiß nutzt seine
taktischen Chancen nicht.} (19. Bxc7 $142 $1 Rxb7 (19... Rbe8) 20. Qxb7 Bf3 21.
Qb5 Nd5 (21... Qh3 $4 22. Qxg5+ Kh8 23. Qxf6+ $18) 22. Nc2 $8 Qh3 23. Ne1 Be2
24. Ng2 Bf3 25. Ne1 $11) 19... gxf4 $19 20. fxg4 Nxg4 {[%csl Rg1] Schwarz hat
einen großen Materialvorteil und einen überlegenen Angriff am Königsflügel.}
21. Rf1 Qh5 {[%cal Rh5h2,Rh2g1]} 22. h4 (22. Qg2 Rxb7 $19) 22... fxg3 0-1

[Event "Olympiad-36"]
[Site "Mallorca"]
[Date "2004.10.25"]
[Round "10"]
[White "Carlsen, Magnus"]
[Black "Ibrayev, Nurlan"]
[Result "1-0"]
[WhiteElo "2581"]
[BlackElo "2476"]
[Annotator "Golod,V"]
[PlyCount "33"]
[EventDate "2004.10.15"]
[EventType "team-swiss"]
[EventRounds "14"]
[EventCountry "ESP"]
[SourceTitle "CBM 104"]
[Source "ChessBase"]
[SourceDate "2005.01.27"]
[SourceVersion "1"]
[SourceVersionDate "2005.01.27"]
[SourceQuality "1"]
[WhiteTeam "Norway"]
[BlackTeam "Kazakhstan"]
[WhiteTeamCountry "NOR"]
[BlackTeamCountry "KAZ"]

1. d4 Nf6 2. c4 e6 3. Nc3 Bb4 4. Qc2 c5 5. dxc5 Bxc5 6. Nf3 Qb6 7. e3 Qc7 8. b3
$5 {Also repeatedly were checked up in previous games:} (8. Bd3 {See comments
to game: Miranda,M-Tiviakov,S/New York,1998/CBM 64(0-1)(Gershon,A)(27)}) (8. a3
$5 {See annotations to Arlandi,E-Gurevich,M/Linares,1995/CBM 51(1/2-1/2)
(Gurevich,M)(41)}) (8. Bd2 $5 {You can see my comments to Bosboom,M-Tiviakov,S/
Leeuwarden,2004/CBM 103(1/2-1/2)(42)}) (8. Be2) ({and} 8. g4 $5) 8... b6 ({
After:} 8... a6 {it deserves serious attention:} 9. g4 {For further
information,you can find my comments to game: Bareev,E-Sakaev,K/Moscow,2001/
CBM 86(1-0)(26)}) 9. Bb2 Bb7 10. Nb5 $5 $146 {Interestingly,that in this
position,this move is applied for the first time. Three games,which have
reached this position were continued as follows:} (10. Be2 $5 {You can see my
annotations to game: Kiriakov,P-Tiviakov,S/Port Erin,1999/CBM 74(1-0)(34)}) (
10. Rd1 Be7 (10... a6 $142) 11. Bd3 a6 (11... Na6 $143 12. Nb5 Qc6 13. Qd2 $5
$14 {Kozul,Z-Ionescu,C/Berga,1991/Inf 52/564(1-0)(Kozul,Z)(33)}) 12. O-O d6 13.
Qe2 Nbd7 14. Bb1 O-O 15. Nd4 Qc5 $11 {Piket,J-Tiviakov,S/Netherlands,2000(1-0)
(44)}) 10... Qd8 ({Hardly it was better:} 10... Qc8 11. O-O-O a6 $5 (11... O-O
12. Ng5 (12. Bd3 $6 a6 $132) 12... h6 $8 13. Bxf6 hxg5 14. Be5 $1 $14 {><d6} (
14. Bxg5 $143 a6 15. Nc3 b5 $132)) 12. Nd6+ Bxd6 13. Rxd6 Qc7 {+/=/=}) 11.
O-O-O {><d6} O-O {The contenders have hidden the kings on different sides.This
fact - "harbinger" of active actions in this game.} (11... a6 $143 12. Nd6+ (
12. Bxf6 $143 gxf6 13. Nd6+ Bxd6 14. Rxd6 Qc7 $13) 12... Bxd6 13. Rxd6 Ne4 14.
Rd1 O-O 15. Bd3 f5 {+/=/=}) 12. Ng5 {[%csl Rh7][%cal Gb2f6,Yf6h7]} Re8 $1 {
Black had no other worthy alternative.} (12... g6 $2 13. Qc3 Be7 14. Nd6 Qc7 (
14... Bc6 $2 15. Nde4 Bxe4 16. Nxe4 Kg7 17. g4 $1 h6 18. f4 $18 {/\g5}) 15.
Nge4 $16) (12... h6 $4 13. Bxf6 Qxf6 $140 14. Qh7#) 13. h4 ({It was very
difficult to decide on Fritz's continuation:} 13. Bxf6 $5 Qxf6 14. Qxh7+ (14.
Nc7 $2 Qxg5 15. Nxe8 Qe5 $1 {[%csl Re8]} 16. Qb2 $140 (16. Kb1 Nc6 $36) 16...
Ba3 $1 17. Qxa3 Qc3+ 18. Kb1 Be4+ 19. Bd3 Bxd3+ 20. Rxd3 Qxd3+ 21. Kc1 Nc6 $15)
14... Kf8 {as it is impossible to estimate the following situation:} 15. Nc7
Na6 $5 $13) 13... e5 $5 {Black,in turn, prevent a threat 14.Bxf6} ({Leads to
favourable complications for White:} 13... h6 $6 14. Bxf6 $1 Qxf6 $140 $8 15.
Nc7 hxg5 (15... Qa1+ $2 16. Kd2 Bb4+ 17. Ke2 $18) 16. Nxe8 Qa1+ 17. Kd2 Qe5 18.
Qc3 Nc6 19. Qxe5 Nxe5 20. Nc7 Rc8 21. Nb5 d5 $1 {+/=/+/-}) 14. Nd6 Bxd6 15.
Rxd6 {White have created a threat: 16.Rxf6 Qxf6[] 17.Qxh7+ Kf8 18.Ba3+ and 19.
Qh8# But now it's not real,because of: 18...d6 (black's K has a field "e7").}
h6 16. Qf5 $5 {Well-hidden provocation.} Nc6 $140 $4 {Painful blunder leading
to immediate loss.} ({Also loses a game the following move:} 16... hxg5 $4 17.
hxg5 Ne4 (17... Be4 18. Qh3 Nh7 19. Bd3 Bxd3 20. Rxd3 $18) 18. Qh7+ Kf8 19. Ba3
Nc5 $8 20. Qf5 $1 {[%csl Rf8][%cal Gh1h8,Gf5e5]} Kg8 21. Rh7 $1 {/\Rdh6 (><f7)
or Qh3} Be4 (21... Ne6 22. Qh3 f5 23. g6 {with checkmated in two moves.}) 22.
Rdh6 $3 f6 (22... Bxf5 23. Rh8#) 23. gxf6 Qxf6 (23... Bxf5 24. Rxg7+ Kf8 25.
Rh8#) 24. Rh8+ Kf7 25. Rxf6+ gxf6 26. Qh5+ Bg6 27. Rh7+) ({It was necessary:} 
16... Qe7 $1 17. Rd2 (17. Ba3 $6 Na6 {/\Nc5 /^a3-f8} 18. Bd3 Nc5 19. Bxc5 bxc5
20. Rxf6 Qxf6 21. Qxf6 gxf6 22. Ne4 $15) 17... g6 18. Qh3 hxg5 19. hxg5 Nh5 20.
Rh2 $44 {/\g4}) {[%tqu "En","White has a typical sacrifice that completely
destroys Black's position?","","","d6f6","",10,"d6f6","",0]} 17. Rxf6 $3 (17.
Rxf6 $3 Qxf6 (17... hxg5 $144 18. hxg5 gxf6 19. gxf6 {[%csl Rg8][%cal Gf5h7,
Gh7h8]}) (17... gxf6 $2 18. Qh7+ Kf8 19. Qxf7#) 18. Qh7+ Kf8 19. Ne4 $1 $18 {
[%csl Rf8][%cal Gb2a3,Gh7h8] Probably,Nurlan Ibraev missed a this obvious move.
}) 1-0

[Event "Olympiad-36"]
[Site "Mallorca"]
[Date "2004.10.26"]
[Round "11"]
[White "Carlsen, Magnus"]
[Black "Kotronias, Vasilios"]
[Result "1/2-1/2"]
[WhiteElo "2581"]
[BlackElo "2599"]
[Annotator "Gofshtein,L"]
[PlyCount "79"]
[EventDate "2004.10.15"]
[EventType "team-swiss"]
[EventRounds "14"]
[EventCountry "ESP"]
[SourceTitle "CBM 104"]
[Source "ChessBase"]
[SourceDate "2005.01.27"]
[SourceVersion "1"]
[SourceVersionDate "2005.01.27"]
[SourceQuality "1"]
[WhiteTeam "Norway"]
[BlackTeam "Greece"]
[WhiteTeamCountry "NOR"]
[BlackTeamCountry "GRE"]

1. e4 c5 2. Nf3 Nc6 3. d4 cxd4 4. Nxd4 Nf6 5. Nc3 d6 6. Bg5 e6 7. Qd2 a6 8.
O-O-O Bd7 9. f4 b5 10. Bxf6 gxf6 11. Kb1 Qb6 12. Nxc6 Bxc6 13. f5 Qc5 {
Transfering the queen to a more active position. Other moves have also been
played:} (13... O-O-O 14. Bd3 h5 15. fxe6 fxe6 16. Rhf1 Be7 17. Ne2 d5 18. exd5
Bxd5 19. Nf4 Qc7 20. Qe2 Qe5 21. Qf2 $16 {1/2-1/2 Vujakovic,B-Bertok,M/Pula
1990/EXT 2000 (27)}) (13... b4 14. Ne2 Bxe4 (14... e5 15. Ng3 $5 {[%cal Rg3h5,
Rf1c4]} h5 16. h4 $5 $40 {[%csl Rh5] Lastin-Spraggett 2004}) 15. fxe6 fxe6 16.
Nf4 d5 17. Bd3 O-O-O (17... Qc6 18. Bxe4 dxe4 19. Qe2 Bg7 20. Qg4 $40 {1-0
Byrne,R-Schneider,L/Reykjavik 1982/MCD (29)}) 18. Bxe4 dxe4 19. Qe2 Rxd1+ 20.
Rxd1 $14 {1/2-1/2 Sadvakasov,D-Yermolinsky,A/Stratton Mountain 2000/EXT 2001 
(42)}) 14. Bd3 Ra7 $146 {Other moves have also been seen in this position. As
the games given below show white usually seizes the initiative.} (14... h5 15.
Qe1 (15. fxe6 fxe6 16. Rhf1 Bg7 17. e5 f5 18. exd6 O-O-O $44 {0-1 Vujakovic,
B-Kozul,Z/Pula 2001/CBM 84 ext (26)}) 15... O-O-O 16. Rf1 Bh6 17. fxe6 fxe6 18.
Rxf6 $16 {1-0 Lastin,A-Palac,M/Panormo 2001/CBM 84 ext (38)}) (14... b4 15. Ne2
a5 16. Nf4 Bd7 17. b3 (17. Nh5 $36) 17... Qe5 $132 {1-0 Byrne,R-Zaltsman,V/
Philadelphia 1985/EXT 2000 (27)}) (14... Rg8 15. Rhe1 O-O-O 16. g3 Kb8 17. Qf4
$36 {1-0 Byrne,R-Zaltsman,V/New York 1983/MCD (44)}) 15. Rhf1 {[%cal Rf1f6]
White brings his rook in order to enlarge his attacking potential.} b4 16. Ne2
{[%cal Re2f4] A typical move, the knight is transfered to f4 or g3 in the
future.} e5 17. Ng3 h5 18. h4 {[%csl Gh5] Blocking the advance of the h-pawn
and fixating the weak h5 pawn.} Ke7 19. Qe2 $16 {White wins the pawn and has
both the positional and the material advantage.} a5 20. Bc4 {[%cal Rc4f7]
Transfering the bishop to a better position.} (20. Nxh5 a4 21. g4 a3 $44) 20...
Bh6 $6 {20...Rc7 deserved attention and white cannot take on h5.} (20... Rc7 $5
21. b3 (21. Nxh5 $2 Rxh5) 21... a4 22. Nxh5 Bh6 23. g4) 21. Nxh5 $16 Be3 (21...
Rc7 22. g4 Qe3 23. Rfe1 Qxe2 24. Rxe2 a4 25. Bd5 Bb5 26. Rg2 $16) 22. Nxf6 $3 {
[%mdl 64] White carries out a spectacurlar combination, leading to a winning
position.} (22. g4 $5 a4 (22... Bxe4 23. Rfe1 $18) 23. Rf3 Bd4 24. Bd5 Bxd5 25.
exd5 Rc7 26. Rfd3 Kf8 27. Rh3 $40) 22... Kxf6 23. Rxd6+ $1 Ke7 (23... Qxd6 24.
Qxe3 $18 {[%cal Ge3g5,Ge3a7]}) 24. Rxc6 Qxc6 25. Qxe3 {[%cal Re3a7]} Rc7 26.
f6+ {As a result of the combination white has a large advantage as his 3 extra
pawns are more than enough compensation for the sacrificed exchange.} Kd8 27.
Qd3+ $16 {Protecting the c2 pawn and consolidating the position.} Kc8 28. Bd5
Qb6 29. Qg3 {29.Qf3 deserved attention, creating the Qf5 threat and also
making way for the g-pawn.} (29. Qf3 $5 Rxh4 (29... Kb8 30. h5 a4 31. g4) 30.
Qf5+ Kb8 31. Qxe5) 29... Qd4 $5 {Black activizes his queen and gets
counterplay.} 30. h5 Kb8 (30... a4 31. Qf3 Kb8 32. g4 $18) 31. h6 $6 {A
dubious move givving black chances to equalise. After 31.Qf3 with g2-g4 black
is in a difficult position.} (31. Qb3 Rxh5 32. Bxf7 Rh4) (31. Qf3 $5) 31... a4
{[%cal Ga4a3,Gd4b2]} (31... Rxh6 32. Qg8+ $18) 32. a3 {White prevents 32...a3.}
Qd2 $5 {[%mdl 256] Black activizes his queen even further, putting serious
problems to white.} 33. axb4 $6 {Another dubious move, givving black real
chances to save the game.} (33. Rc1 $5 Qxh6 34. Qxe5 bxa3 35. bxa3 Qe3 36. Qd6
Qc5 37. Qxc5 Rxc5 38. c4 $18) 33... Qxc2+ 34. Ka1 a3 $5 {With the help of the
pawn sacrifice black opens the white king and gets real chances for survival.}
35. bxa3 $8 Rxh6 36. Qxe5 Qd3 $1 {[%cal Yd3a3,Yd3f1] Creating dangerous
threats and practically forcing white to take the draw.} 37. Qe8+ Rc8 38. Qe5+
Rc7 39. Qe8+ Rc8 40. Qe5+ 1/2-1/2

[Event "Hoogeveen Essent Crown"]
[Site "Hoogeveen"]
[Date "2004.10.21"]
[Round "4"]
[White "Carlsen, Magnus"]
[Black "Stellwagen, Daniel"]
[Result "0-1"]
[WhiteElo "2581"]
[BlackElo "2512"]
[Annotator "Lukacs,P"]
[PlyCount "90"]
[EventDate "2004.10.17"]
[EventType "tourn"]
[EventRounds "6"]
[EventCountry "NED"]
[EventCategory "15"]
[SourceTitle "CBM 104"]
[Source "ChessBase"]
[SourceDate "2005.01.27"]
[SourceVersion "1"]
[SourceVersionDate "2005.01.27"]
[SourceQuality "1"]

1. e4 c6 2. d4 d5 3. Nc3 dxe4 4. Nxe4 Bf5 5. Ng3 Bg6 6. h4 h6 7. Nf3 Nd7 8. h5
Bh7 9. Bd3 Bxd3 10. Qxd3 Ngf6 11. Bf4 e6 12. O-O-O Nd5 13. Bd2 {Black has
seemingly won a tempo by Nd5, but his N is vulnerable in the [+].} Nb4 14. Qb3
(14. Bxb4 {- Galdunts-Ruck, Griesheim 2003 CBM 94}) 14... a5 (14... Qb6 15. c4
O-O-O (15... Be7 16. c5 $5 {White wins a piece, although Black gets a lot of
pawns for it.} (16. Kb1 {is the safe option.} Na6 (16... c5 17. d5) 17. Qa4 $14
) 16... Bxc5 17. dxc5 Nxc5 18. Qa3 Nbd3+ (18... Ncd3+ 19. Kb1 $18) 19. Kb1 Nxf2
20. Be3 Nxd1 21. Bxc5 Qxb2+ 22. Qxb2 Nxb2 23. Kxb2 $14 {with three (!) pieces
versus a R and four pawns.}) (15... a5 16. a3 Nd5 17. Qc2 {White certainly
wants to avoid the exchange of queens.} N5f6 18. Bf4 Be7 19. Rhe1 O-O 20. Ne5
Rad8 21. c5 $14 {Kovalevskaya-Zangiev, St Petersburg 2001}) 16. Ne4 $14 (16. c5
$2 {is already strongly met by the prevoius sacrifice:} Bxc5 $1 17. dxc5 Nxc5
18. Qa3 Ncd3+ 19. Kb1 Nxf2 20. Bxb4 Rxd1+ 21. Rxd1 Nxd1 22. Bc5 Qb5 23. Nd4 Qc4
24. Qxa7 Qd3+ 25. Kc1 Ne3 $17)) 15. Kb1 (15. Ne4 a4 $1 {[#]} 16. Qa3 {is the
modest pragmatizm.} (16. Qxb4 $6 {White wants more he can get from this
position. The Q sacrifice is beautiful but unlucky as Mary Stuart.} Bxb4 17.
Bxb4 Qb6 (17... Qb8 {looks also strong.} 18. Nd6+ Kf8 $19) 18. a3 Qa6 19. Rh3 (
19. Nd6+ Kf8 20. Nb5+ Kg8 21. Nc7 Qa7 22. Nxa8 Qxa8 $17 {and White still has
no adequate compensation for the Q.}) 19... b6 20. Rg3 (20. Nd6+ $2 Kf8 21.
Nb5+ c5 $19) 20... Rh7 $1 {This is the precise defence.} (20... c5 21. dxc5
bxc5 22. Rxd7 cxb4 23. Rxg7 Kxd7 (23... Qf1+ 24. Rd1 $11) 24. Nc5+ Ke7 25. Nxa6
Rxa6 26. axb4 $11) 21. Ne5 (21. Nd6+ Kf8 $1) 21... Nxe5 $17 {Shirov-Grischuk,
Dubai 2002 CBM 89}) 16... Nd5 (16... Qb6 17. Kb1 Nd5 18. Qd3) 17. Nd6+ Bxd6 18.
Qxd6 Qc7 19. Qxc7 Nxc7 20. Ne5 f6 21. Nd3 Kf7 22. g4 Nb5 23. c3 Rhc8 24. Rhe1
Re8 25. Kc2 $11 {Kir.Georgiev-Dreev, Dubai rapid 2002}) (15. a3 a4 16. Qc4 $5 {
deserves also attention.} (16. Qe3 Nd5 17. Qe2 {Finally the Q has reached
safety.} (17. Qd3 b5 18. Ne5 Nxe5 19. dxe5 Qc7 20. f4 Be7 21. Ne4 O-O $13 {
and Black has good counterchances on the << because of the weakness of a3,
Sammalvuo-Palo, Gausdal 2004.}) 17... b5 18. Nf5 b4 {Black has to open up
lines on the <<.} (18... Qb8 19. c3 {The << is more or less closed and White
has good prospects on the other flank.} Qc7 20. g3 Bd6 21. Rh4 N7f6 22. Nxd6+
Qxd6 23. Ne5 Ne7 24. g4 $14 {Karjakin-Turov, Moscow 2002}) 19. Bxb4 Nxb4 20.
axb4 a3 21. c3 Qb8 $44 {Vescovi-Erenburg, playchess.com INT 2004})) (15. Rhe1 {
is usually only a waste of time here.} Be7 16. Ne4 a4 17. Qxb4 {This Q
sacrifice is nice, but not so effective, as we will see it later.} Bxb4 18.
Bxb4 Qb8 19. Bd6 Qa7 20. Ba3 Qa6 21. Rd3 b6 22. Rc3 c5 23. Nd6+ Kd8 24. dxc5
bxc5 $19 {Zufic-Saric, Kastav 2002}) 15... a4 (15... b5 16. Ne4 $5 (16. Rhe1
Be7 17. Ne4 Nf6 18. Nxf6+ gxf6 (18... Bxf6 19. Bxb4 axb4 20. Qxb4 {simply
winning a P.}) 19. a3 Nd5 20. Qd3 $14 {Pilgaard-Pedersen, Koge 2004}) (16. Ne5
a4 17. Qe3 (17. Qf3 Nxe5 18. dxe5 Qd5))) (15... Be7 16. Ne4 $5 (16. c4 {
In the long run White will regret this move when b5! will come.} O-O $1 17. a3
Na6 18. Bf4 (18. Qxb7 Bxa3 19. Qxc6 Rb8 $40) 18... b5 $1 19. cxb5 cxb5 20. Qxb5
Nb6 21. Bd2 Nd5 $15 {Karjakin-Riazantsev, INT 2003})) 16. Qe3 Nd5 (16... Nb6
17. Qe1 N4d5 18. Ne5 Nd7 19. c4 N5f6 20. f4 Qc7 21. Bc3 {Now White has got an
almost ideal position.} Be7 22. f5 $16 {Marjanovic-Logothetis, Ano Liosia 2000}
) 17. Qe2 (17. Qd3 $1 {is the precise move here.} b5 (17... Qc7 18. c4) 18. Ne5
$1 Nxe5 19. dxe5 Qc7 20. f4 {This P structure gives White the space advantage
in the [+] and the >>, but sometimes even the << can be a target after a
well-prepared c2-c4.} O-O-O 21. Qe2 Kb7 22. Ne4 {(Leko-Dreev, Wijk aan Zee 2002
} (22. c4 bxc4 23. Qxc4 Ra8 24. Ne4 Be7 $14) 22... Be7 23. c4 bxc4 24. Qxc4 Ra8
$14 {Leko}) 17... b5 $1 18. Ne5 Nxe5 19. dxe5 Qb6 $1 20. Rh3 {This looks
rather sophysticated.} (20. Ne4 b4 21. Qc4 Be7 $5 $13 (21... Qb5 22. Qxb5 cxb5
{The _|_ cannot be worse for Black at all.} 23. c3 bxc3 24. Nxc3 Nxc3+ 25. Bxc3
b4 26. Bd4 Be7 $11 {Landa-P.Nielsen, playchess.com INT 2004})) 20... a3 21. b3
Qd4 22. c3 Qxc3 $1 {This is the point!} (22... Nxc3+ 23. Bxc3 Qxc3 24. f4 $14)
23. Be1 (23. Bxc3 Nxc3+ 24. Kc2 Nxe2 25. Nxe2 Bc5 $15 {and Black has an extra
P.}) 23... Qb2+ (23... Qc5 $5 {keeping the queens on the board was also
possible, because the white K is not safe.} 24. Ne4 Qb6 25. Nd6+ Bxd6 26. exd6
Qd8 27. Bc3 Qxd6 28. Be5 Qe7 29. Bxg7 Rg8 30. Qc2 c5 $1 $36) 24. Qxb2 axb2 25.
Kxb2 Nf4 (25... g5 $5 {The target is >< e5.} 26. hxg6 Bg7 (26... fxg6 {/\ Bg7})
27. gxf7+ Kxf7 28. Ne4 Bxe5+ 29. Kb1 Ra6 $15 {with active black pieces in the
_|_.}) 26. Rh2 (26. Rh4 Nxg2 27. Rg4 Nxe1 28. Rxe1 O-O-O $15 {Black is a P up
+ White's pawns are weak.}) 26... c5 27. Ne4 c4 28. Kb1 Ba3 29. g3 (29. Rh4 Nd3
30. Nd6+ Bxd6 31. exd6 Kd7 32. bxc4 Ra3 33. c5 (33. cxb5 Rb8) 33... Nxc5 34.
Bb4 Ra4 $15) 29... Nd3 {This N becomes a superpower on d3.} 30. Bc3 O-O 31. f4
Rfd8 32. Rhd2 Rd5 (32... b4 $2 {founders on simple tactics:} 33. bxc4 $1 bxc3
34. Rxd3 Rdb8+ 35. Kc2 $18) 33. Ba1 Bb4 34. Bc3 Ba3 35. Ba1 Rd7 $1 {Black
certainly wants to continue the fight.} (35... Rad8 36. Nc3 Rc5 (36... R5d7 37.
Nxb5) 37. Ne4 Rcd5 $11) 36. Rc2 Rb8 (36... Rad8 37. bxc4 (37. Rdd2 Nb4 38. Rxd7
Rxd7 39. Rd2 Nd3 $15) 37... Nxe5 $1 38. Rxd7 Rxd7 39. Bb2 Bxb2 40. cxb5 Nd3 41.
Rxb2 Nxb2 42. Kxb2 Rd4 $15) 37. Nc3 $2 {Now the a1 B will be entombbed.} (37.
Bb2 $1 {was the last chance for a successful defence, for example:} Bxb2 (37...
Be7 38. Nf2 Kf8 39. Nxd3 Rxd3 (39... cxd3 40. Rc6) 40. Rxd3 cxd3 41. Rc7 $13)
38. Rxb2 cxb3 39. Rxb3 Nxe5 40. Rd6 Rxd6 41. Nxd6 Ng4 42. Rxb5 Rd8 43. Ne4 Rd4
$11) 37... b4 38. Ne4 c3 $19 {Look at the a1 B!} 39. Nd6 Nc5 40. Re2 Nb7 {
exchanging White's last active piece.} 41. Re4 Nxd6 42. exd6 (42. Rxd6 Rxd6 43.
exd6 Rd8 44. Rd4 Kf8 $19) (42. Red4 Rc8 $1 43. Kc2 Nf5 44. Rxd7 Ne3+ $19) 42...
Rb5 43. Rc4 Rxh5 44. Rc7 Rxc7 $1 45. dxc7 Rc5 0-1